Т. 50, № 1; Известия вузов. Приборостроение

Bibliografske podrobnosti
Parent link:Известия вузов. Приборостроение: научно-технический журнал/ Санкт-Петербургский национальный исследовательский университет информационных технологий, механики и оптики. Т. 50, № 1.— , 1958-1991, 1993-.— 0021-3454
Jezik:ruščina
Izdano: 2007
Format: MixedMaterials Knjiga
KOHA link:https://koha.lib.tpu.ru/cgi-bin/koha/opac-detail.pl?biblionumber=403388

MARC

LEADER 00000nam2a2200000 4500
001 403388
005 20231101065912.0
035 |a (RuTPU)RU\TPU\prd\49605 
090 |a 403388 
100 |a 20070313a20079999k y0rusy50 ca 
101 0 |a rus 
102 |a RU 
200 0 |a Т. 50, № 1 
210 |d 2007 
461 1 |0 (RuTPU)RU\TPU\prd\1504  |x 0021-3454  |t Известия вузов. Приборостроение  |o научно-технический журнал  |f Санкт-Петербургский национальный исследовательский университет информационных технологий, механики и оптики  |v Т. 50, № 1  |d 1958-1991, 1993- 
801 0 |a RU  |b 63413507  |c 20010227  |g PSBO 
801 1 |a RU  |b 63413507  |c 20070313  |g PSBO 
801 2 |a RU  |b 63413507  |c 20201214  |g PSBO 
942 |c BK 
999 |a НТБ_ТПУ  |b НФ  |e -1/20070109  |p П-6307м  |s 7/20060918  |u 336,24  |v 1